=LDR 00000nam 2200000 4500 =001 INLIS000000000039299 =005 20130612144933 =008 ***********************************ind** =035 ##$$0010-061300000039299 =041 ##$$a ind =082 ##$$a 085.5 =100 ##$$a cut syifa fauzia abdillah =245 ##$$a kecil-kecil punya karya : meilleurs voeux(serunya geng persahabatan) =260 ##$$a mizan $b jakarta =300 ##$$a 112 hlm =850 ##$$a NBPNMAT